| 000 | 00469pab a2200169 454500 | ||
|---|---|---|---|
| 008 | 180718b1999 xxu||||| |||| 00| 0 eng d | ||
| 100 | _aAghion, Philippe | ||
| 245 | _aInequality and economic growth: the perspective of the new growth theories | ||
| 260 | _c1999 | ||
| 300 | _ap.1615-660 | ||
| 362 | _aDec | ||
| 650 | _aEconomic growth | ||
| 700 | _aGarcia-Penalosa, Cecilia | ||
| 700 | _aCaroli, Eve | ||
| 773 | _aJournal of Economic Literature | ||
| 909 | _a43692 | ||
| 999 |
_c43692 _d43692 |
||